[Event "Sarajevo Bosnia 30th"]
[Site "Sarajevo"]
[Date "2000.05.18"]
[Round "2"]
[White "Gurevich, Mikhail"]
[Black "Shirov, Alexei"]
[Result "0-1"]
[WhiteElo "2694"]
[BlackElo "2751"]
[Annotator "Ribli,Z"]
[PlyCount "116"]
[EventDate "2000.05.17"]
[EventType "tourn"]
[EventRounds "11"]
[EventCountry "BIH"]
[EventCategory "19"]
[SourceTitle "CBM 077"]
[Source "ChessBase"]
[SourceDate "2000.07.27"]
[SourceVersion "1"]
[SourceVersionDate "2000.07.27"]
[SourceQuality "1"]

1. c4 Nf6 2. Nc3 e5 3. Nf3 Nc6 4. g3 d5 {Dieser Zug ist in der
Großmeisterpraxis sehr populär.} 5. cxd5 Nxd5 6. Bg2 Nb6 {Wir haben eigentlich
eine für die Sizilianische Verteidigung (Drachenvariante) typische Stellung
mit vertauschten Farben vor uns. Gewöhnlich bekommt Weiß Spiel am Damenflügel,
während Schwarz am Königsflügel oder im Zentrum zu attackieren versucht.} 7. d3
Be7 8. a3 Be6 (8... a5 {Dieser Zug ist gegen b2-b4 gerichtet, schwächt aber
den Damenflügel.} 9. Be3 O-O 10. O-O Be6 11. Nd2 $14) 9. O-O O-O 10. b4 Nd4 (
10... a5 11. b5 Nd4) 11. Bb2 Nxf3+ (11... Bb3 12. Qc1 Nxf3+ 13. Bxf3 c6 14. Rb1
f6 $6 (14... a5 $5 $11) 15. Ba1 Be6 16. Rd1 Qe8 17. b5 $14 {Uhlmann,W-Stohl,I
Dortmund-A 1991 CBM/23}) (11... Nb3 $6 12. Rb1 f6 13. Ne4 a5 14. Bxe5 $1 fxe5
15. Rxb3 Bxb3 16. Qxb3+ Qd5 17. Qc3 $44) 12. Bxf3 c6 {Nach diesem Zug ist der
Bf3 in seinem Bewegungsfreiraum eingeschränkt.} 13. Qc2 (13. Rc1 f6 14. b5 (14.
Qc2) 14... Rc8 15. bxc6 bxc6 16. Ne4 c5 17. a4 Qd7 18. a5 Nd5 19. Ba3 Qb5 20.
Qd2 Nb4 21. Ra1 Rb8 22. Rfc1 Rfc8 23. Qe3 {1/2-1/2 Rogozenko,D-Huebner,R/
Germany 1999/EXT 2000 (23)}) (13. Ne4 $5 Nd7 14. Bc3 $1 (14. Qc2 {- 52/(38)})
14... Bd5 $1 15. Nd2 Bxf3 16. Nxf3 Bd6 17. e4 (17. a4 $5) 17... Re8 18. Nh4 (
18. Re1 $5 {/\ d4}) 18... g6 19. Nf3 Qe7 20. Re1 Rad8 21. Qb3 a6 22. Rad1 c5
23. b5 $1 $14 {1-0 Razuvaev,Y-Stohl,I/Deutschland 1992/Inf 54/[Razuvaev,Y] (69)
}) 13... Nd7 (13... f6 14. Rac1 Qe8 15. Na4 Nxa4 16. Qxa4 Qf7 17. b5 Bb3 18.
Qa5 Bd8 19. Qb4 a5 20. Qc5 Be7 21. Qe3 Bd5 22. Bxd5 Qxd5 23. bxc6 bxc6 24. Rc4
Rfb8 25. Qd2 Rb3 26. a4 Rab8 27. Bc3 Bb4 28. e4 Bxc3 29. Rxc3 Qd4 30. Rxb3 Rxb3
31. Qxa5 Rxd3 32. Qa8+ Kf7 33. Qxc6 {1-0 Azmaiparashvili,Z-Veingold,A/Candas
1992/TD (58)}) 14. Ne4 Bd5 {Diese Stellung ist Großmeister Gurevich gut
bekannt - er spielte selbst so mit Schwarz! Der Nachziehende möchte im Falle
eines Zuges des Ne4 die weißfeldrigen Läufer abtauschen.} 15. Bc3 {Mit diesem
Zug bereitet Weiß Qb2 vor.} (15. Nd2 Bxf3 (15... Rc8 16. Rad1 Bxf3 17. Nxf3 c5
18. b5 Bd6 19. Nd2 Qe7 20. Nc4 $2 (20. e4 $14 {Hjartarson,J}) 20... f5 21. Nxd6
Qxd6 $11 {Hjartarson,J-Lobron,E/Debrecen 1992/Inf 56 (21)}) (15... Bd6 $13 {
Yudasin,L-Gurevich,M Bern 1989 CBM/11}) 16. Nxf3 Bd6 (16... Bf6 17. Rad1 Qe7
18. d4 exd4 19. Nxd4 g6 20. Rd3 Rfe8 21. Rfd1 Ne5 22. Re3 Qf8 23. Nb3 Ng4 24.
Rxe8 Rxe8 25. h3 Bxb2 26. Qxb2 Ne5 27. Qd4 $14 {Speelmann,J-Chandler,M
Hastings A 1988 CBM/11}) 17. d4 Re8 18. dxe5 Nxe5 19. Nd4 Bf8 20. Rfd1 Qc8 21.
Nf5 Qe6 22. Ne3 a5 $1 {1/2-1/2 Salov,V-Khalifman,A/Reykjavik 1991/CBM 26/
[Ribli] (22)}) 15... Rc8 {[%cal Gc8c2]} 16. Qb2 Re8 {[%cal Ge8e5]} 17. Bg4 {
[%cal Gg4c8] Auf den ersten Blick scheint es, als habe Weiß eine sehr gute
Stellung: der Nd7 ist gefesselt und der Pe5 schwach.} (17. Bxe5 $2 Nxe5 18.
Qxe5 Bxe4 (18... Bxb4 19. Qb2 $13 {[%cal Gb2b7]}) 19. Bxe4 Bf6 20. Qh5 g6 $17)
17... Rc7 18. f4 $13 (18. Bxd7 Rxd7 19. Bxe5 Bxe4 (19... Bf8) 20. dxe4 Bf8 21.
f3 Qb6+ 22. Kg2 Red8 $44 {[%cal Gd8d1] Schwarz hat einen Bauern weniger,
beherrscht aber vollständig die offene d-Linie.}) 18... Bxe4 (18... exf4 $5 19.
Bxg7 (19. Rxf4 Bxe4 20. Rxe4 Nf6 $11) 19... Bxe4 20. dxe4 fxg3 21. Bh5 $13) 19.
dxe4 Bf6 20. Rad1 {[%cal Gd1d8] Auf diese Weise gewinnt Weiß einen Bauern.} Qe7
21. Bxd7 Rxd7 22. Rxd7 Qxd7 23. fxe5 Bd8 $44 {[%csl Re2,Re4,Re5][%mdl 1024]
Weiß hat zwar einen Bauern mehr, aber angesichts des Tripelbauern auf der
e-Linie kann er nicht zufrieden sein.} 24. Kg2 Bc7 25. Bd4 a6 26. Qc3 Re6 {
Schwarz hat keine Probleme. Wenn es ihm gelingt, den Minusbauern (z.B. auf e5)
zurück zu gewinnen, bekommt er wegen der Bauernschwächen in der weißen
Stellung das bessere Spiel.} 27. Rf3 Qe8 28. Rd3 h6 (28... Bxe5 $4 29. Bxe5
Rxe5 30. Qxe5 $18) 29. Qd2 Kh7 {Jetzt droht schon 30...Bxe5 - mit Vorteil für
Schwarz.} (29... Bxe5 $4 30. Bxe5 Rxe5 31. Rd8 $18) 30. Bc5 Rxe5 31. Rd7 $132
Rd5 $5 (31... b6 32. Rxc7 bxc5 33. bxc5 Rxe4 $15) 32. exd5 Qxd7 33. Qd3+ (33.
d6 Bd8) 33... Kg8 {[%mdl 4096]} 34. d6 $6 {Dieser Zug ist verlockend - Weiß
bekommt einen scheinbar starken Freibauern auf d6 - aber in Wirklichkeit kann
Schwarz den Bauern ausgezeichnet blockieren.} (34. e4 $11) 34... Bd8 35. h3 Qe6
36. e4 (36. d7 f5 {[%cal Gg8f7]}) 36... b6 37. Bf2 Kf8 $15 {[%csl Yd7][%cal
Gf8e8,Ge8d7]} 38. g4 (38. d7 $2 Ke7) 38... Ke8 39. Kf3 b5 (39... Kd7 $6 40.
Qxa6 $132) 40. Be3 (40. Bc5 Kd7 $15 {[%csl Rd6,Gd7]}) 40... Qf6+ $1 {Ein
wichtiges Schach - Schwarz lässt den Gegner nicht Qd4 spielen.} (40... Kd7 41.
Qd4 $132) 41. Ke2 Kd7 {[%csl Gd7] Der schwarze König befindet sich in einer
ausgezeichneten Blockadestellung auf d7. Der Pd6 ist eine Schwäche.} 42. Bd4
Qg6 $1 (42... Qxd6 43. Bxg7 $11) 43. Be5 h5 44. Qf3 (44. gxh5 $4 Qxh5+ {
[%cal Rh5e5,Rh5e2]}) 44... hxg4 45. hxg4 Bf6 46. Bxf6 $2 {Weiß verliert die
Geduld Nach dem Läufertausch kann er den Pd6 nicht halten.} (46. Bf4 Bd4 $15)
46... Qxf6 $17 47. Qe3 {[%cal Ge3a7,Ga7d7,Ga7a6]} Qxd6 (47... Kxd6 48. Qc5+ Kd7
49. Qa7+) 48. Qa7+ Ke6 49. Qxa6 Ke5 {[%csl Gd6,Ge5] Die Stellung ist nur
materiell ausgeglichen - dank des aktiven Königs hat Schwarz ausgezeichnete
Gewinnchancen.} 50. Qa7 Qe6 {[%cal Ge6f7,Ge6g4]} 51. Kf2 (51. Kf3 Qb3+ 52. Qe3
Qxe3+ 53. Kxe3 g5 $22 $19) 51... Qa2+ 52. Kg3 (52. Kf3 Qb3+ $17) 52... Kxe4 53.
Qc5 Qd5 {Alles in der schwarzen Stellung ist verteidigt.} 54. Qc1 (54. Qc2+
Qd3+ $19) 54... g5 55. Qe1+ Kd3 56. a4 bxa4 57. Qd1+ Kc3 58. Qxa4 (58. Qxd5
cxd5 59. b5 a3 60. b6 a2 61. b7 a1=Q 62. b8=Q Qg1+ 63. Kf3 (63. Kh3 Qf1+ $19 {
Weiß kann nichts gegen 64...Qf4+ ausrichten.}) 63... Qf1+ $19) 58... Qd3+ (
58... Qd3+ 59. Kf2 Qc2+ $19) 0-1

[Event "Dortmund op-A"]
[Site "Dortmund"]
[Date "1992.??.??"]
[Round "11"]
[White "Razuvaev, Yuri S"]
[Black "Pekarek, Ales"]
[Result "1-0"]
[WhiteElo "2575"]
[BlackElo "2455"]
[Annotator "Ribli,Z"]
[PlyCount "81"]
[EventDate "1992.04.??"]
[EventType "swiss"]
[EventRounds "11"]
[EventCountry "GER"]
[SourceTitle "CBM 029"]
[Source "ChessBase"]
[SourceDate "1992.08.01"]
[SourceVersion "1"]
[SourceVersionDate "1992.08.01"]
[SourceQuality "1"]

1. c4 Nf6 2. Nc3 e5 3. Nf3 Nc6 4. g3 Bb4 5. Bg2 O-O 6. O-O Re8 $6 (6... e4 $5)
7. Nd5 $1 Bf8 (7... Nxd5 8. cxd5 Nd4 9. Nxd4 exd4 10. e3 c5 11. a3 Ba5 12. exd4
cxd4 13. d6 $1 Qf6 14. d3 Qxd6 15. Bf4 Qa6 16. b4 $16 {Timman,J-Huebner,R
Sarajevo cm/5 1991 51/39 CBM/22}) (7... Bc5 8. d3 h6 9. Rb1 $14 {Gedevanishili,
D-Handoko,E Sydney Cepacol 1991 CBM/23}) 8. Nxf6+ Qxf6 9. d3 Nd4 10. Nd2 $1 c6
11. e3 Ne6 12. Ne4 Qd8 13. Nc3 Qb6 14. b3 a5 15. Rb1 d6 16. Bb2 Bd7 17. Qd2 $14
h6 18. Kh1 Ng5 19. f4 exf4 20. gxf4 Nh7 21. e4 Qd8 22. f5 a4 $6 (22... Qh4 23.
Rf4 Qg5 24. Rg1 $16) 23. Nxa4 d5 24. exd5 cxd5 25. Bxd5 Nf6 26. Bxb7 Ra7 (26...
Bd6 $5) 27. Bg2 $16 Bd6 28. Bd4 Bb8 29. Bb6 Qc8 30. Bxa7 Bxa7 31. Nc3 $18 Ng4
32. Nd5 Bc6 33. Qf4 h5 34. Rb2 Bxd5 35. Bxd5 Be3 36. Qf3 Qc5 37. Rg2 Qd4 38. f6
$1 g6 39. h3 Nf2+ 40. Rfxf2 Bxf2 41. Rxg6+ 1-0

[Event "Hafnarfirdi"]
[Site "Hafnarfirdi"]
[Date "1992.??.??"]
[Round "2"]
[White "Petursson, Margeir"]
[Black "Motwani, Paul"]
[Result "1-0"]
[WhiteElo "2555"]
[BlackElo "2455"]
[Annotator "Ribli,Z"]
[PlyCount "97"]
[EventDate "1992.03.??"]
[EventType "tourn"]
[EventRounds "11"]
[EventCountry "ISL"]
[EventCategory "7"]
[SourceTitle "CBM 029"]
[Source "ChessBase"]
[SourceDate "1992.08.01"]
[SourceVersion "1"]
[SourceVersionDate "1992.08.01"]
[SourceQuality "1"]

1. c4 e5 2. Nc3 Nf6 3. Nf3 Nc6 4. g3 d5 5. cxd5 Nxd5 6. Bg2 Nb6 7. O-O Be7 8.
a3 Be6 9. b4 a5 $6 (9... O-O $5) 10. b5 Nd4 11. Rb1 f6 (11... a4 12. Nxe5 $1
Bb3 13. Rxb3 $1 axb3 14. Bxb7 Rb8 15. Nc6 Nxc6 16. Bxc6+ Kf8 17. Qxb3 $18) 12.
Nxd4 exd4 13. Na4 $1 Bd5 14. Nxb6 cxb6 15. e4 $1 dxe3 16. dxe3 Bxg2 17. Kxg2
Qxd1 18. Rxd1 $14 a4 19. Bb2 Bc5 20. Rbc1 Ke7 21. Rc4 Rhd8 22. Re4+ Kf7 23. Rc1
Ra5 24. Bc3 Rxb5 25. Rxa4 Rb3 26. Bd4 Bd6 $2 (26... Bxd4 27. Rc7+ $1 Kg6 28.
exd4 Rd3 29. Rxb7 R3xd4 30. Raa7 Rg8 31. Rxb6 $16) (26... Rxa3 $5 27. Rxa3 Bxa3
28. Rc7+ Kg6 29. Bxb6 Rd2 $14) 27. Ra7 Rd7 28. a4 Ke6 29. g4 Be5 30. Bxe5 fxe5
31. Ra8 $1 Rb2 32. Re8+ Kf7 33. Rxe5 Rb4 34. Kg3 Rxa4 35. Rb5 Ra6 36. Rc4 $18
g6 37. h4 Kg7 38. h5 Rf7 39. Re4 Ra1 40. hxg6 hxg6 41. Rf4 Ra6 42. Rxf7+ Kxf7
43. Kf4 Ke6 44. e4 Kf6 45. e5+ Kf7 46. Rd5 Ke7 47. Kg5 Ra5 48. Rd4 Rxe5+ 49.
Kxg6 1-0

[Event "Dos Hermanas 10th"]
[Site "Dos Hermanas"]
[Date "1999.04.16"]
[Round "8"]
[White "Gelfand, Boris"]
[Black "Svidler, Peter"]
[Result "0-1"]
[WhiteElo "2691"]
[BlackElo "2713"]
[Annotator "Ribli,Z"]
[PlyCount "154"]
[EventDate "1999.04.06"]
[EventType "tourn"]
[EventRounds "9"]
[EventCountry "ESP"]
[EventCategory "19"]
[SourceTitle "CBM 071"]
[Source "ChessBase"]
[SourceDate "1999.08.01"]
[SourceVersion "1"]
[SourceVersionDate "1999.08.01"]
[SourceQuality "1"]

{[%mdl 4100]} 1. c4 Nf6 2. Nc3 e5 3. Nf3 Nc6 4. g3 Nd4 {Schwarz möchte mit
Springertausch die Stellung vereinfachen. Die Alternativen sind 4...Bc5, 4...
Bb4 und 4...d5. Ribli.} 5. Bg2 (5. Nxe5 {Die Annahme des Baueropfers wäre mehr
als gefährlich.} Qe7 6. f4 d6 7. Nd3 Bf5 $36) 5... Nxf3+ 6. Bxf3 Bb4 (6... Bc5
{Dieser Zug wird seltener als der Partiezug gespielt. Schwarz plaziert in der
Partie den Läufer eigentlich nur auf c5, weil Weiß seine Dame etwas
unglücklich nach b3 stellt.}) 7. Qb3 (7. Qc2 O-O 8. O-O Re8 9. d3 c6 10. Bg5 h6
11. Bxf6 Qxf6 12. Ne4 Qg6 $13) (7. d4 e4 8. Bg2 Bxc3+ 9. bxc3 h6 {Schwarz
beugt eventuellem 10.Bg5 vor.} 10. Qc2 Qe7 $11) 7... Bc5 (7... a5 8. O-O O-O 9.
Rd1 (9. d3 Re8 10. Bg5 Bxc3 11. bxc3 $1 h6 12. Bxf6 Qxf6 13. c5 $14 {1/2-1/2
Lalic,B-Ristic,N/Metz 1995 (25)}) 9... d6 10. d4 exd4 11. Rxd4 Nd7 $6 12. Qc2
Ne5 13. Be4 $14 {Uhlmann,W-Gelfand,B Debrecen 1989 CBM/14 48/25}) 8. O-O (8.
Na4 Be7 9. O-O O-O 10. Rd1 c6 11. Nc3 d6 12. d4 Qc7 13. Qc2 Bh3 $1 14. b3 h6
15. Bb2 Nh7 $11 {Gulko,B-Nikolic,P/Polanica Zdroj 1996/Inf 67 (17)}) 8... O-O
9. d3 (9. Na4 {Weiß vertreibt so den Läufer, stellt aber seinen Springer
schlecht.} Be7 10. Rd1 c6 $1 (10... d6 11. Nc3 Nd7 12. d4 Bf6 13. dxe5 Bxe5 14.
Be3 {1-0 Gelfand,B-Timman,J/Wijk aan Zee 1998/CBM 62 ext (47)}) 11. Nc3 (11. d4
$5 e4 12. Bg2 d5 13. cxd5 cxd5 14. Bf4 b6 15. Nc3 Be6 16. Rac1 Qd7 17. Nb5 Rac8
18. Nc7 h6 19. f3 Bd6 20. Bxd6 Qxd6 {1/2-1/2 Serper,G-Aseev,K/St.Petersburg
1994/CBM 43 ext (32)}) 11... d6 12. d4 Qc7 13. Qc2 Bh3 14. b3 h6 15. Bb2 Nh7
16. c5 Ng5 17. cxd6 Nxf3+ 18. exf3 {1/2-1/2 Gulko,B-Nikolic,P/Rubinstein mem
1996/CBM 55}) 9... h6 {Schwarz verteidigt sich gegen Bg5.} (9... a6 10. a3 d6
11. Bg2 $5 Rb8 12. Qc2 Be6 13. Bg5 $1 (13. b4 $6 Ba7 14. Bg5 h6 15. Bxf6 Qxf6
$11 {Skembris,S-Drasko,M/Jagodina 1994/Inf 61/[Skembris,S] (36)}) 13... h6 14.
Bxf6 Qxf6 15. Ne4 Qe7 16. Nxc5 dxc5 17. b4 $1 $14 {Damljanovic,B}) (9... Re8 $5
10. Bd2 c6 11. Rac1 h6 12. Qa4 Bf8 13. Rfd1 d6 14. b4 Bg4 $11 {0-1 Hansen,
C-Hjartarson,J/Reykjavik 1997/CBM 62/[Ribli] (45)}) (9... c6) 10. Bd2 (10. e3
a6 11. Rd1 Ba7 12. d4 Qe7 13. dxe5 Qxe5 14. Nd5 {1-0 Van Wely,L-Piket,J/
Merrillville 1997/Inf 71/[Van Wely,L] (32)} (14. Qc2 d6 15. b3 Bf5 $11)) (10.
Na4 Be7 11. Be3 c6 (11... d6 12. Nc3 c6 13. d4 Qc7 {1/2-1/2 Petursson,
M-Khalifman,A/Narva 1998/CBM 67/[Khalifman] (62)}) 12. c5 d5 13. cxd6 Bxd6 14.
Rfc1 Qe7 $11 {Minasian,A-Nikolic,P/Erevan 1996/CBM 53/[Ribli]/0-1 (70)}) 10...
Re8 11. Bg2 (11. Rac1 Rb8 12. Qa4 a6 13. b4 Bf8 14. b5 $14 {1/2-1/2 Hansen,
C-Christiansen,L/Munich 1992/CBM 30/[Ribli] (31)}) 11... c6 {Ein Schlüsselzug
in dieser Variante. Schwarz schränkt die Beweglichkeit des Läufers g2 ein.} 12.
Rac1 Bb6 13. Qa4 {Die Dame kann nicht ewig auf b3 bleiben. Die positionelle
weiße Drohung besteht jetzt im Vormarsch des b-Bauern.} d6 (13... d5 $2 14.
cxd5 cxd5 15. Nxd5 Nxd5 16. Bxd5 $16 {[%cal Ga4e8]}) 14. b4 Be6 $11 {Schwarz
hat eine feste Stellung ohne Schwächen. Die weiße Initiative am Damenflügel
ist nicht so gefährlich, denn Schwarz hat Reserven im Zentrum.} 15. b5 d5 (
15... cxb5 $6 16. Qxb5 $14) 16. bxc6 (16. cxd5 cxd5 $15) 16... bxc6 17. cxd5
cxd5 {[%csl Gd5,Ge5] Weiß kann das starke schwarze Zentrum nicht sprengen.} 18.
Qa3 {[%cal Gc3a4,Ga4c5]} Rb8 $1 {Ein ausgezeichneter positioneller Zug, dessen
Idee im 23.Zug klar wird.} (18... Rc8 19. Na4 Rxc1 20. Rxc1 Ba5 21. Bc3 $11)
19. Na4 Ba5 20. Bc3 (20. Bxa5 Qxa5 21. Rc5 Qa6 $15 {[%csl Ra4]}) 20... d4 (
20... Bxc3 21. Nxc3 $11) 21. Bxa5 Qxa5 {[%csl Ra4]} 22. Rc5 {[%cal Rc5e5,Rc5a5]
Weiß scheint Aktivität am Damenflügel zu entfalten, aber sein Springer steht
auf a4 schlecht.} Qa6 23. Rc6 (23. Rxe5 Bd7 $19 {[%csl Ra4]}) 23... Rb6 $1 $15
{Ein schönes Motiv. Der Springer a4 ist gefesselt, so daß Weiß tauschen muß
und Schwarz mit dem b-Bauern zurücknehmen kann.} 24. Rxb6 axb6 {[%csl Ra4]} 25.
Qb4 $8 Rc8 $1 {[%csl Gc8][%cal Gc8c1] Der schwarze Turm steht ausgezeichnet
auf c8. Weiß kann nicht auf b6 nehmen.} (25... b5 26. Nc5 $132) 26. a3 (26.
Nxb6 $2 Rb8 27. Rb1 Nd7 $19) 26... Rc2 {[%csl Gc2]} 27. Re1 (27. Nxb6 Rxe2 $15)
27... Nd7 28. f4 $5 {Weiß sucht taktische Gegenchancen am Königsflügel.} (28.
Nb2 Rc3 $15 (28... Qa5 $15)) 28... b5 (28... exf4 29. gxf4 {[%csl Rd4]} b5 30.
Nb2 Qb6 $15) 29. Nb2 Rc3 {[%csl Ra3]} 30. fxe5 (30. Ra1 Rb3 31. Qd2 exf4 32.
gxf4 Rxa3 $19) 30... Rb3 {[%cal Rb3b4,Rb3b2]} (30... Qxa3 31. Qxb5 Rb3 32. Nc4
Rxb5 33. Nxa3 Rb2 $11) 31. Qxd4 Qxa3 32. Nd1 {Weiß hat in der ganzen Partie
Schwierigkeiten mit seinem Springer.} Rb1 {[%csl Gb1,Rd1][%cal Gb1g1] Schwarz
hat zwar einen Bauern weniger, aber der weiße e5-Bauer ist schwach und die
Fesselung auf der Rrundreihe ist für Weiß unangenehm, während der schwarze
b-Freibauer sehr gefährlich ist.} 33. Rf1 Qa4 $1 {[%cal Rb1d1,Ra4d1] Dieser
Zug forciert den Damentausch und der entstehende a-freibauer ist ncoh
gefährlicher als der in der b-Linie.} 34. Qxa4 bxa4 {[%csl Ga4]} 35. Nc3 (35.
d4 a3 36. Nc3 Rxf1+ 37. Kxf1 Nb6 {Das ist nur Zugumstellung zur
Partiefortsetzung.}) 35... Rxf1+ 36. Kxf1 a3 37. d4 Nb6 $5 (37... a2 38. Nxa2
Bxa2 $17) 38. Ke1 (38. d5 $2 Nxd5 39. Nxd5 a2 $19) 38... a2 39. Nxa2 Bxa2 $17 {
Weiß hat nur zwei Bauern für die Figur, aber wegen des reduzierten Materials
muß Schwarz präzise spielen.} 40. Kd2 Kf8 41. e4 Nc4+ 42. Kd3 (42. Kc3 Ne3 43.
Bh3 (43. Bf3 Nf1 $19 {[%cal Gf1h2,Gf1g3]}) 43... Be6 44. Bxe6 fxe6 $19) 42...
Ke7 43. Bf3 Kd7 44. Kc3 (44. Bg4+ Kc6 $17 45. e6 fxe6 46. Bxe6 Ne5+ {[%cal
Re5d3,Ra2e6]} 47. dxe5 Bxe6 $19) 44... Nb6 45. d5 {[%csl Gd5,Ge4,Ge5] Wegen
der starken weißen Bauernmasse im Zentrum ist die Verwertung für Schwarz gar
nicht so einfach.} Ke7 46. Kd4 Nd7 47. Bg4 {Weiß muß wenn möglich seine Bauern
auf d5 und e5 behaupten. Ansonsten verliert die Bauernmasse an Elastizität und
kann von Schwarz blockiert werden.} Bb3 48. Bh3 Nf8 49. Bg4 Ba4 {Schwarz
aktiviert seinen Läufer, der auf b3 und a2 keine aktive Rolle spielte.} 50. Be2
Bd7 51. h4 Bh3 52. Bb5 Bg4 {[%csl Gg4]} 53. Bc4 Ng6 {[%csl Gg6]} 54. Bb3 f6 $1
55. e6 (55. exf6+ gxf6 $17 {[%csl Ye5][%cal Gg6e5,Ge7d6] Endlich hat Schwarz
auf e5 einen Vorposten für seinen Springer und daher ausgezeichnete
Gewinnchancen.}) 55... Kd6 56. Bc2 Ne5 {Schwarz hat mit seiner
Springerstellung auf e5 etwas erreicht, aber der Bauer e6 bietet Weiß einige
Konterchancen.} 57. Ke3 Kc5 58. Ba4 (58. e7 Bd7 $19 {[%cal Gc5d6,Gd6e7]}) 58...
Ng6 59. Bb3 Kd6 60. Kd4 f5 $1 61. e7 {Weiß opfert einen Bauern. Er möchte die
Bauernaufstellung d5 / e5 erreichen.} (61. exf5 Ne7 $17 (61... Bxf5 $17)) (61.
e5+ $2 Nxe5 62. e7 Nf3+ $19 (62... Bh5 $19)) 61... Kxe7 62. e5 f4 63. gxf4 Nxf4
64. Kc5 (64. d6+ Kd8 $19) 64... Ng6 {[%cal Rg6e5,Rg6h4]} 65. e6 Nxh4 66. d6+
Kd8 67. e7+ {Weiß hat das Maximum erreicht, kommt aber nicht weiter voran.} Ke8
68. Bc2 (68. Ba4+ Bd7 $19) 68... Bd7 $19 {Die weißen Bauern sind blockiert und
Schwarz besitzt eine klare Mehrfigur.} 69. Bd1 g6 (69... Kf7 $19) 70. Kd5 Nf5 {
[%cal Gf5d6,Gf5e7]} 71. Ke5 h5 (71... Nxe7 72. dxe7 Kxe7 $19 {Mit zwei
verbundenen Freibauern steht Schwarz auf Gewinn. Nur mit schwarzfeldrigen
Läufern hätte Weiß Remischancen, denn in diesem Fall wäre die Stellung mit
König gegen Läufer und h-Bauern remis.}) 72. Kf6 Nxd6 73. Kxg6 Bg4 74. Bc2 (74.
Bxg4 hxg4 $19) 74... Kxe7 75. Kg5 Nf7+ 76. Kh4 Kf6 77. Ba4 Nd6 {Schwarz
gewinnt mit dem h-Bauern leicht. Weiß gab daher auf.} (77... Nd6 78. Kg3 Kg5
$19) 0-1

[Event "Groningen PCA"]
[Site "Groningen"]
[Date "1993.??.??"]
[Round "4"]
[White "Hodgson, Julian M"]
[Black "Romanishin, Oleg M"]
[Result "1/2-1/2"]
[WhiteElo "2625"]
[BlackElo "2615"]
[Annotator "Ribli,Z"]
[PlyCount "63"]
[EventDate "1993.12.??"]
[EventType "swiss"]
[EventRounds "11"]
[EventCountry "NED"]
[SourceTitle "CBM 039"]
[Source "ChessBase"]
[SourceDate "1994.04.01"]
[SourceVersion "1"]
[SourceVersionDate "1994.04.01"]
[SourceQuality "1"]

1. c4 Nf6 2. Nc3 e5 3. Nf3 Nc6 4. g3 d5 5. cxd5 Nxd5 6. Bg2 Nb6 7. O-O Be7 8.
Rb1 a5 $5 9. a3 (9. d3 {Hansen,LB-Romanishin,O/Altensteig/1993/CBM37/}) 9...
O-O 10. b4 axb4 11. axb4 Bf5 $5 (11... Bxb4 12. Nxe5 Bxc3 13. Nxc6 bxc6 14.
dxc3 $14) 12. b5 (12. d3 $2 Bxb4 $1) 12... Nd4 (12... Bxb1 13. bxc6 Bf5 14.
cxb7 Rb8 15. Nxe5 $16) 13. d3 Bg4 14. Re1 (14. Nxe5 Na4 $3 15. Nxa4 (15. Nxg4
Nxc3 $19) 15... Nxe2+ 16. Kh1 Nxg3+ 17. hxg3 Bxd1 18. Rxd1 Rxa4 $19) 14...
Nxf3+ 15. exf3 Bf5 16. Ne4 Bxe4 17. Rxe4 Bf6 18. Bb2 Qd6 19. f4 $1 $10 Nd7 20.
fxe5 Nxe5 21. Qc2 Rfd8 (21... Qxd3 22. Qxd3 Nxd3 23. Bxf6 gxf6 24. Re7 $44) 22.
d4 Ng6 23. Rc1 Qb4 24. Qe2 Qd6 25. Qc4 Nf8 26. Rf4 Rab8 27. h4 c6 28. Rf5 Qe6
29. Qd3 Bxd4 30. Bxd4 Rxd4 31. Qxd4 Qxf5 32. bxc6 1/2-1/2

[Event "Aruba"]
[Site "Aruba"]
[Date "1992.??.??"]
[Round "2"]
[White "Psakhis, Lev"]
[Black "Kindermann, Stefan"]
[Result "1-0"]
[WhiteElo "2605"]
[BlackElo "2505"]
[Annotator "Ribli,Z"]
[PlyCount "141"]
[EventDate "1992.03.??"]
[EventType "tourn"]
[EventRounds "9"]
[EventCountry "NAU"]
[EventCategory "11"]
[SourceTitle "CBM 030"]
[Source "ChessBase"]
[SourceDate "1992.10.01"]
[SourceVersion "1"]
[SourceVersionDate "1992.10.01"]
[SourceQuality "1"]

1. c4 e5 2. Nc3 Nc6 3. Nf3 Nf6 4. g3 Bb4 5. Nd5 a5 (5... Bc5 $5 6. Bg2 O-O 7.
d3 h6 8. a3 a5 9. Bd2 d6 10. b4 axb4 11. axb4 Rxa1 12. Qxa1 Nxd5 13. bxc5 Ndb4
$10 {Kortschnoj,V-Karpov,An Tilburg 1991 CBM/26 53/44}) (5... d6 6. Nxb4 Nxb4
7. d3 O-O 8. a3 (8. Bg2 $5) 8... Nc6 9. Bg2 a5 10. b3 d5 11. cxd5 Nxd5 12. Bb2
f6 13. O-O $14 {Hansen,Cu-Kindermann,S Hamburg SKA 1991 CBM/24}) 6. Bg2 O-O 7.
O-O d6 8. Nxb4 Nxb4 (8... axb4 $5) 9. d3 Bg4 10. b3 Qd7 11. Re1 (11. Bb2 Bh3 $1
) 11... Nc6 12. Bb2 Rfe8 13. a3 Qf5 14. Qd2 Qh5 15. b4 $1 h6 16. h4 $5 Bd7 17.
b5 Nd8 18. Nh2 a4 19. Rab1 (19. Rac1 $5) 19... Bc8 20. e3 Qg6 21. c5 $1 dxc5
22. Rbc1 Nd7 23. d4 $1 e4 (23... exd4 24. exd4 Rxe1+ 25. Rxe1 $146) 24. dxc5 c6
25. b6 Ne6 26. Qb4 f5 27. Red1 Qf7 28. Bf1 Qe7 29. Bc4 Kh7 30. Bxe6 $1 Qxe6 31.
Nf1 Ne5 32. Bxe5 $1 Qxe5 33. Nd2 $14 Be6 34. Nc4 Bxc4 35. Qxc4 Re7 36. Rd6 Qb2
37. Qc3 Qxc3 38. Rxc3 Ra5 39. Kg2 h5 (39... Re5 40. Rd7 Raxc5 41. Rxc5 Rxc5 42.
Rxb7 Rc3 43. Rf7 $1 Rxa3 44. Rxf5 Rb3 45. Ra5 Rxb6 46. Rxa4 $16) 40. f4 exf3+
41. Kxf3 Re5 42. Rd7 Raxc5 43. Rxc5 Rxc5 44. Rxb7 Rc3 45. Rf7 Rxa3 46. Rxf5 Rb3
47. Rxh5+ Kg6 48. Ra5 Rxb6 49. Rxa4 $16 c5 50. g4 Kf6 51. Kf4 Rc6 52. Rc4 g6
53. e4 Rc8 54. g5+ Ke6 55. Kg4 Kf7 56. h5 gxh5+ 57. Kxh5 Kg7 58. Kg4 Kg6 59.
Kf4 Rc6 60. e5 Ra6 61. Re4 Re6 62. Ra4 Rb6 63. Rc4 Ra6 64. Ke4 Kxg5 65. Kd5 Kf5
66. Rc1 $1 (66. Rxc5 $2 Re6 67. Kd4 Re8 $10) 66... Ra5 67. Rf1+ Kg6 68. e6 c4+
69. Kd4 c3 $2 (69... Ra7 $10) 70. e7 Ra4+ 71. Kd3 1-0